| 000 | 004390000a22001690004500 | ||
|---|---|---|---|
| 003 | MACL | ||
| 005 | 20151230133232.0 | ||
| 008 | 151230b xxu||||| |||| 00| 0 eng d | ||
| 040 |
_aMACL _cMACL |
||
| 041 | _aEnglish | ||
| 082 | _a273.1/MEA | ||
| 100 |
_aMead, G R S _923893 |
||
| 245 | _aThe Gnostic Crucifixion | ||
| 260 |
_bThe Theosophical Publishing Society _c1907 _aLondon |
||
| 650 |
_aReligion _924888 |
||
| 942 |
_cBK _k273.1/MEA _2ddc |
||
| 999 |
_c39374 _d39374 |
||